ARRUPE JESUIT UNIVERSITY

CORONAVIRUS -STOP THE SPREAD - CLEAN,DISINFECT,COVER

Loyalty to God : (Record no. 123716)

MARC details
000 -LEADER
fixed length control field 00955pam a2200265 a 4500
001 - CONTROL NUMBER
control field 3906353
003 - CONTROL NUMBER IDENTIFIER
control field ARRUPE
005 - DATE AND TIME OF LATEST TRANSACTION
control field 20151104091250.0
008 - FIXED-LENGTH DATA ELEMENTS--GENERAL INFORMATION
fixed length control field 910807s1992 tnu b 000 0 eng
010 ## - LIBRARY OF CONGRESS CONTROL NUMBER
LC control number 91028450
020 ## - INTERNATIONAL STANDARD BOOK NUMBER
International Standard Book Number 0687228212 (pbk. : alk. paper)
040 ## - CATALOGING SOURCE
Original cataloging agency DLC
Transcribing agency DLC
Modifying agency DLC
050 00 - LIBRARY OF CONGRESS CALL NUMBER
Classification number BT993.2
Item number .J46 1992
082 00 - DEWEY DECIMAL CLASSIFICATION NUMBER
Classification number 238/.11
Edition number 20
300 ## - PHYSICAL DESCRIPTION
Dimensions 22 cm.
100 1# - MAIN ENTRY--PERSONAL NAME
Personal name Jennings, Theodore W.,
Titles and other words associated with a name Jr.,
Dates associated with a name 1942-
9 (RLIN) 20855
245 10 - TITLE STATEMENT
Title Loyalty to God :
Remainder of title the Apostles' Creed in life and liturgy /
Statement of responsibility, etc Theodore W. Jennings, Jr.
260 ## - PUBLICATION, DISTRIBUTION, ETC. (IMPRINT)
Place of publication, distribution, etc Nashville :
Name of publisher, distributor, etc Abingdon Press,
Date of publication, distribution, etc c1992.
300 ## - PHYSICAL DESCRIPTION
Extent 238 p. ;
504 ## - BIBLIOGRAPHY, ETC. NOTE
Bibliography, etc Includes bibliographical references (p. 229-238).
630 00 - SUBJECT ADDED ENTRY--UNIFORM TITLE
Uniform title Apostles' Creed.
9 (RLIN) 16888
650 #0 - SUBJECT ADDED ENTRY--TOPICAL TERM
Topical term or geographic name as entry element Liberation theology.
9 (RLIN) 20856
906 ## - LOCAL DATA ELEMENT F, LDF (RLIN)
a 7
b cbc
c orignew
d 1
e ocip
f 19
g y-gencatlg
942 ## - ADDED ENTRY ELEMENTS (KOHA)
Source of classification or shelving scheme Library of Congress Classification
Koha item type Monograph ( Printed materials)
Holdings
Withdrawn status Lost status Source of classification or shelving scheme Damaged status Not for loan Collection code Home library Current library Shelving location Date acquired Total Checkouts Full call number Barcode Date last seen Price effective from Koha item type
    Library of Congress Classification     Main Collection ARRUPE LIBRARY ARRUPE LIBRARY Main Collection 04/11/2015   BT993.2 .J46 1992 46500005355 01/12/2016 04/11/2015 Monograph ( Printed materials)

 

Arrupe Library. PO Box MP320 Mt Pleasant, Harare, Zimbabwe
263 242 745411|librarian@aju.ac.zw